Male or Female? Quiz Stats

Quiz Updated Nov 11, 2016

Challenge
Share
Tweet
Embed
Score 0/40 Timer 06:00
7 Plays Today
Name M/F % Correct
Sinéad O'Connor???
82.6%
Brett Hull???
82%
Chase Utley???
79.7%
Yo-Yo Ma???
79.4%
Chris Evert???
77.2%
Terry Gilliam???
76.7%
Cameron Crowe???
76.5%
Daryl Hannah???
74%
Cotton Mather???
74%
Elgin Baylor???
73.9%
Alex Van Halen???
73.6%
Joyce Brothers???
73.1%
Blake Lively???
73%
Harper Lee???
72.2%
Sojourner Truth???
70.6%
Drew Pinsky???
70.3%
Tatum O'Neal???
69.6%
Carter Braxton???
69.4%
Muriel Spark???
68.6%
Clare Boothe Luce???
67.3%
Name M/F % Correct
Tarja Halonen???
67.2%
Alice Liddell???
66%
Sidney Lanier???
64.5%
Gale Sayers???
62.9%
Vachel Lindsay???
61.3%
Kierston Wareing???
61.1%
Jean-Marie Le Pen???
60.4%
Stacy Ferguson???
58.4%
Ashley Cole???
57.2%
Haley Barbour???
56.8%
Dana Priest???
52.5%
Whitney Hedgepeth???
51.7%
Siân Phillips???
50.6%
Marion Zimmer Bradley???
49.5%
Loren Eiseley???
48.8%
Michael Learned???
47.2%
Sherrill Milnes???
39%
Joan Miró???
38.9%
Evelyn Waugh???
37%
Andrea Doria???
36%

You're not logged in!

Compare scores with friends on all Sporcle quizzes.
Join for Free
OR
Log In

You Might Also Like...

Show Comments

Extras

Top Quizzes Today


Score Distribution

Your Account Isn't Verified!

In order to create a playlist on Sporcle, you need to verify the email address you used during registration. Go to your Sporcle Settings to finish the process.

Report this User

Report this user for behavior that violates our Community Guidelines.

Details: